| 000 | 00742nam a2200229Ia 4500 | ||
|---|---|---|---|
| 003 | GCL | ||
| 008 | 140319s9999 xx 000 0 ara d | ||
| 040 |
_aGCL / _cGCL |
||
| 082 | 0 | 4 |
_a910.1330569 _bم ج |
| 100 | 1 | _aمحمد توفيق محمود | |
| 245 | 1 | 0 |
_aالجغرافيا السياسية لاسرائيل / _cمحمد توفيق محمود |
| 260 |
_a[S.N] : _bمعهد البحوث والدراسات العربية ، _c1977 |
||
| 300 | _a334 ص | ||
| 490 | _a | ||
| 650 | 0 | 4 | _aاسرائيل |
| 650 | 0 | 4 | _aالاحوال الاقتصادية |
| 650 | 0 | 4 | _aالبترول |
| 650 | 0 | 4 | _aالانتاج الزراعى |
| 650 | 0 | 4 | _aالانتاج الصناعى |
| 650 | 0 | 4 | _aالخطوط الجوية |
| 942 |
_2ddc _cBK |
||
| 999 |
_c29276 _d29276 |
||